| 000 | 00867cam a2200229 4500 | ||
|---|---|---|---|
| 001 | ##L133770 | ||
| 008 | 060609n2006 000 0 eng u | ||
| 020 | _a1860819168 | ||
| 035 | _a(Sirsi) u133770 | ||
| 041 | 0 | _aeng | |
| 050 | 0 | 4 | _a690.15 $2 18 |
| 100 | 1 | _aSaunders, G. K. | |
| 245 | 0 | 0 |
_aDesigning roofs for climate change _bmodifications to good practice guidance |
| 260 |
_aWatford _bBRE _c2006 |
||
| 300 |
_a8p. _bill. _c30cm. |
||
| 350 | _a12 00 | ||
| 490 | 0 |
_aBRE Digest _v499 |
|
| 520 | _aThis digest gives recommendations on proposed modifications to guidance on good practice for many types of roof in the light of climate changes predicting higher and prolonged summer temperatures and milder, but wetter, winters. | ||
| 651 | 4 |
_aUnited Kingdom _y |
|
| 690 | _aBUILT ENVIRONMENT-BUILDING ELEMENTS-COMPLETE BUILDING ELEMENTS-ROOFS | ||
| 942 | _n0 | ||
| 999 |
_c105470 _d105470 |
||